| Tag |
First Indicator |
Second Indicator |
Subfields |
| LEADER |
00000cam a2200000Ii 4500 |
| 001 |
in00004167713 |
| 008 |
191012t20192019enk 000 p eng d |
| 005 |
20250318222839.4 |
| 020 |
|
|
|a 9781912477913
|
| 020 |
|
|
|a 1912477912
|
| 035 |
|
|
|a (OCoLC)on1122797872
|
| 035 |
|
|
|a (OCoLC)1122797872
|
| 040 |
|
|
|a YDX
|b eng
|e rda
|c YDX
|d BDX
|d UKMGB
|d ZCU
|d UtOrBLW
|
| 050 |
|
4 |
|a PR6063.U734
|b A6 2019
|
| 082 |
0 |
4 |
|a 821.92
|2 23
|
| 100 |
1 |
|
|a Murphy, Judymay,
|e author.
|
| 240 |
1 |
0 |
|a Poems.
|k Selections
|
| 245 |
1 |
0 |
|a Monster-proof poetry /
|c Judymay Murphy.
|
| 264 |
|
1 |
|a London :
|b Eyewear Publishing,
|c 2019.
|
| 264 |
|
4 |
|c ©2019
|
| 300 |
|
|
|a 63 pages ;
|c 23 cm
|
| 336 |
|
|
|a text
|2 rdacontent
|b txt
|
| 337 |
|
|
|a unmediated
|2 rdamedia
|b n
|
| 338 |
|
|
|a volume
|2 rdacarrier
|b nc
|
| 655 |
|
7 |
|a Poetry.
|2 lcgft
|0 http://id.loc.gov/authorities/genreForms/gf2014026481
|
| 852 |
8 |
|
|b pda,print
|z This title is available for the library to purchase for your use. Click the "Purchase It For Me" button to place a request. This item may take 5-10 business days to arrive.
|
| 955 |
|
|
|a Print PDA title
|
| 961 |
|
|
|m 565730
|
| 999 |
f |
f |
|s 223ee098-d733-444a-a15f-149c378c10db
|i db0b4f6c-c715-3241-b308-7c713137e30e
|t 0
|
| 952 |
f |
f |
|a Texas A&M University
|b College Station
|c Sterling C. Evans Library
|d Purchase on Demand
|t 0
|e PR6063.U734 A6 2019
|h Library of Congress classification
|
| 998 |
f |
f |
|a PR6063.U734 A6 2019
|t 0
|l Purchase on Demand
|